|
|
|
|
| LEADER |
00821nam a22002297a 4500 |
| 001 |
29626 |
| 003 |
BD-DhAAL |
| 005 |
20150827104129.0 |
| 008 |
150827n xxu||||| |||| 00| 0 eng d |
| 040 |
|
|
|a BD-DhAAL
|c BD-DhAAL
|
| 082 |
|
|
|2 22
|a 610
|
| 245 |
|
|
|a Paramedical treatment
|
| 260 |
|
|
|a Dacca :
|b Bangladesh Rural Advancement Committee
|
| 300 |
|
|
|a v, 33 p. ;
|c 35 cm.
|
| 541 |
|
|
|e 29626
|
| 610 |
|
|
|a BRAC (Bangladesh Rural Advancement Committee)
|9 14206
|
| 650 |
|
|
|a Paramedical education
|9 14207
|
| 710 |
|
|
|a BRAC (Bangladesh Rural Advancement Committee)
|9 14208
|
| 852 |
|
|
|a Ayesha Abed Library
|c General Stacks
|
| 942 |
|
|
|2 ddc
|c BK
|
| 999 |
|
|
|c 35364
|d 35364
|
| 952 |
|
|
|0 0
|1 0
|2 ddc
|4 0
|6 610_000000000000000_PAR
|7 0
|9 55590
|a BRACUL
|b BRACUL
|c BRS
|d 2015-08-27
|l 1
|m 1
|o 610 PAR
|p 3010029626
|r 2025-12-30
|s 2025-03-23
|t 1
|w 2015-08-27
|y BK
|